Central Library OPAC University of Rajshahi

The Fisheries Status of the (FCD) Barnai Project / (Record no. 83974)

MARC details
000 -LEADER
fixed length control field 00826nam a2200241 a 4500
001 - CONTROL NUMBER
RUCL Control Number 83974
003 - CONTROL NUMBER IDENTIFIER
rucl marc code BD-RjUL
005 - DATE AND TIME OF LATEST TRANSACTION
control field 20240905111954.0
008 - FIXED-LENGTH DATA ELEMENTS--GENERAL INFORMATION
fixed length control field 240905s1997 bg a|||| m||| 00| 0 eng d
035 ## - SYSTEM CONTROL NUMBER
system control number (BD-RjUL)83974
040 ## - CATALOGING SOURCE
Original cataloging agency BD-RjUL
Language of cataloging eng
Transcribing agency BD-RjUL
Modifying agency BD-RjUL
041 ## - LANGUAGE CODE
Language code of Book eng
082 ## - DEWEY DECIMAL CLASSIFICATION NUMBER
DDC Edition number 23
Classification number 639.2
Author mark and Year MOF 1997
100 ## - MAIN ENTRY--PERSONAL NAME
Personal name Mortuza, M. Golam
245 10 - TITLE STATEMENT
Title The Fisheries Status of the (FCD) Barnai Project /
Statement of responsibility, etc By M. Golam Mortuza ;
Name of Supervisor/Co-Supervisor Supervisor : M. Altaf Hossain
260 ## - PUBLICATION, DISTRIBUTION, ETC. (IMPRINT)
Place of publication, distribution, etc Rajshahi :
Name of publisher, distributor, etc Department of Zoology, University of Rajshahi,
Date of publication, distribution, etc 1997
300 ## - PHYSICAL DESCRIPTION
Pagination [7], 150 Leaves :
Other physical details ill, ;
Dimensions 29 cm.
502 ## - DISSERTATION NOTE
Dissertation note Thesis (Ph. D.) -- Department of Zoology, University of Rajshahi, 1997
504 ## - BIBLIOGRAPHY, ETC. NOTE
Bibliography, etc References : Leaves [146]-150
650 ## - SUBJECT ADDED ENTRY--TOPICAL TERM
Topical term or geographic name as entry element Fisheries
700 ## - ADDED ENTRY--SUPERVISOR/CO-SUPERVISOR NAME
Personal name Hossain, M. Altaf, Supervisor
942 ## - ADDED ENTRY ELEMENTS (KOHA)
Source of classification or shelving scheme Dewey Decimal Classification
Koha item type Theses
Holdings
Source of classification or shelving scheme Damaged status Not for loan Collection code Permanent Location Current Location Shelving location Date of accession Source of acquisition Total Checkouts Full call number Barcode Date last seen Copy number Thesis
Dewey Decimal Classification   Not For Loan Theses Central Library, University of Rajshahi Central Library, University of Rajshahi Documentation Section 10/10/1998 Controller of Exam. R. U.   THE 639.2 MOF 1997 D1905 05/09/2024 C-I Theses